[Event "WGM Mediterranean Flowers"]
[Site "Rijeka"]
[Date "2017.03.18"]
[Round "9.3"]
[White "Cvitan, Ena"]
[Black "Bogdanic, Katarina"]
[Result "1-0"]
[WhiteElo "2029"]
[BlackElo "1994"]
[PlyCount "125"]
[EventDate "2017.??.??"]
[EventCountry "CRO"]
[WhiteClock "1:30:00"]
[BlackClock "1:30:00"]

1. d4 Nf6 2. Bf4 e6 3. e3 c5 4. c3 d5 5. Nf3 Bd6 6. Ne5 Qb6 7. b3 Nbd7 8. Bd3
Qc7 9. Nxd7 Bxd7 10. Bxd6 Qxd6 11. O-O O-O 12. f4 cxd4 13. cxd4 Rac8 14. Nd2
Rc3 15. Nf3 Rfc8 16. Ne5 Qc7 17. Qd2 Ne4 18. Bxe4 dxe4 19. Nc4 Rd3 20. Qb4 b5
21. Nd6 a5 22. Qc5 Qxc5 23. dxc5 Rxc5 24. Nxe4 Rcd5 25. Rfe1 h6 26. Nf2 Rd2 27.
Red1 Kf8 28. e4 R5d4 29. Rxd2 Rxd2 30. Rd1 Rxd1+ 31. Nxd1 Bc6 32. e5 Be4 33.
Kf2 Ke7 34. Nc3 Bc6 35. a3 b4 36. axb4 axb4 37. Na2 Bd5 38. Nxb4 Bxb3 39. Nc6+
Ke8 40. g4 f6 41. Nd4 Bd5 42. Nb5 fxe5 43. Nd6+ Ke7 44. fxe5 g6 45. g5 h5 46.
Ke3 Bb3 47. Kd4 Kd7 48. Kc5 Bc2 49. h4 Bd3 50. Kb6 Bf5 51. Nb7 Kc8 52. Nc5 Kd8
53. Kc6 Ke7 54. Kc7 Bg4 55. Nb7 Bf5 56. Nd8 Bg4 57. Nc6+ Ke8 58. Kd6 Bh3 59.
Nd4 Kf7 60. Kd7 Bf1 61. Nc6 Bb5 62. Kd6 Ke8 63. Nd4 1-0